Prime Ministers of Malaysia - Statistics

General Stats
  • This quiz has been taken 20 times
  • The average score is 6 of 10
Answer Stats
Hint Answer % Correct
2022- Anwar Ibrahim
93%
2003-2009 Abdullah Ahmad Badawi
71%
2009-2018 Najib Razak
71%
2020-2021 Muhyiddin Yassin
64%
1976-1981 Hussein Onn
57%
1970-1976 Abdul Rasak Hussein
50%
2018-2020 Mahathir Mohamad
50%
1981-2003 Mahathir Mohamad
50%
1963-1970 Tunku Abdul Rahman Putra al - Haj
43%
2021-2022 Ismail Sabrii Yaakob
29%
No matching quizzes found
Score Distribution
Percent of People with Each Score
Percentile by Number Answered
Your Score History
You have not taken this quiz